Baseball Players by Photo #2 - Statistics

General Stats
  • This quiz has been taken 87 times
  • The average score is 13 of 20
Answer Stats
Picture Answer % Correct
Mookie Betts
91%
Ronald Acuña Jr.
91%
Aaron Judge
88%
Justin Verlander
88%
Mark McGwire
88%
Mike Trout
87%
Mickey Mantle
85%
Roberto Clemente
84%
Pedro Martinez
83%
Tom Seaver
68%
Cy Young
63%
Ernie Banks
61%
Roger Clemens
61%
Kirby Puckett
59%
Larry Walker
56%
Walter Johnson
53%
Steve Carlton
47%
Jimmie Foxx
43%
Rogers Hornsby
32%
Grover Alexander
20%
No matching quizzes found
Score Distribution
Percent of People with Each Score
Percentile by Number Answered
Your Score History
You have not taken this quiz